Swap 'L' with 'R' Quiz Stats

 Plays Quiz Updated Jan 22, 2017

Support Sporcle.
Go Orange.
Score 0/20 Timer 03:00
5 Plays Today
% Correct
BLIGHT
94.1%
CLOWN
93.8%
FLEE
93.6%
FLIGHT
93.2%
BLUSH
92.9%
GLAZE
92.7%
PLANK
92.7%
SPLAYED
92.4%
FILES
92.2%
FOLK
92%
% Correct
FLAY
91.9%
BLINK
91.4%
BLOW
88%
BLOOD
87.5%
WILY
82.3%
MILES
74.7%
CLINK
49.4%
PLIERS
42.3%
MILK
41.4%
GLIDE
11.3%

You're not logged in!

Compare scores with friends on all Sporcle quizzes.
OR
Log In
Forgot?

From the Vault

The Beatles in Latin

by Handle1

Amor est omnia quod requiris.
Remove Ads.
Support Sporcle.
Get the best of Sporcle when you Go Orange. This ad-free experience offers more features, more stats, and more fun while also helping to support Sporcle. Thank you for becoming a member.

Show Comments

Extras

Top Quizzes Today


Score Distribution

Your Account Isn't Verified!

In order to create a playlist on Sporcle, you need to verify the email address you used during registration. Go to your Sporcle Settings to finish the process.

Report this User

Report this user for behavior that violates our Community Guidelines.

Details: